|
|
|
|
| LEADER |
00000nam a22000007a 4500 |
| 005 |
20201211233735.0 |
| 007 |
cr|||| |||| |
| 008 |
201211s2017 co |||||s|||| 00||0 spa d |
| 020 |
|
|
|a 978-958-781-135-3
|
| 035 |
|
|
|a 32369
|
| 040 |
|
|
|a vLex
|
| 090 |
|
|
|c 10951
|d 10951
|
| 100 |
1 |
|
|a Pastrana Buelvas, Eduardo
|
| 245 |
1 |
0 |
|a Estado y perspectivas de las relaciones colombo-brasileąs
|h [Recurso electrn̤ico] /
|c Eduardo Pastrana Buelvas, Daniel Flemes, Mariana Carpes
|
| 256 |
|
|
|a Servicio en ln̕ea
|
| 260 |
|
|
|a Bogot:̀
|b Pontificia Universidad Javeriana,
|c 2017
|
| 300 |
|
|
|a 1 recurso electrn̤ico
|
| 500 |
|
|
|a Brasil y Colombia son dos Estados que tienen el mayor potencial para influir en el futuro polt̕ico, econm̤ico y social de Sudamřica. La crisis por la que atraviesa Brasil y la superacin̤ del conflicto por parte de Colombia ha generado una relacin̤ ms̀ simťrica entre los dos actores estatales. Este libro da cuenta de la forma en que la proyeccin̤ del poder regional de Brasil, a partir de los aǫs noventa, ha incidido en la construccin̤ de las relaciones con Colombia. A lo largo de los capt̕ulos de esta obra colectiva se explicitan los factores cooperativos y competitivos de las relaciones colombo-brasileąs en las l︢timas dčadas y se presentan posibles escenarios futuros.
|
| 506 |
1 |
|
|a Disponible solo en los productos indicados
|d vLex Global
|d vLex Global (Academic Edition, excluding Law Schools)
|d vLex Global (U.S. Academic Edition, Law Schools)
|d vLex Global (U.S. Academic Edition, excluding Law Schools)
|d vLex Global (Academic Edition, Law Schools)
|
| 650 |
0 |
4 |
|a Ciencias sociales
|z Colombia
|
| 650 |
0 |
4 |
|a Ciencia polt̕ica
|z Colombia
|
| 650 |
0 |
4 |
|a Humanidades
|z Colombia
|
| 740 |
0 |
|
|a vLex Libros (Servicio en ln̕ea)
|
| 856 |
4 |
0 |
|u http://vlex.com/source/estado-y-perspectivas-de-las-relaciones-colombo-brasile-as-32369
|z Acceso restringido
|
| 942 |
|
|
|c BOOK
|
| 999 |
0 |
|
|a Social Sciences
|
| 999 |
0 |
|
|a Political science
|
| 999 |
0 |
|
|a Humanities
|